CENTROAMERICA: FISONOMIA DE UNA REGION/
Furkejuvvon:
| Váldodahkki: | |
|---|---|
| Materiálatiipa: | Girji |
| Fáttát: | |
| Fáddágilkorat: |
Eai fáddágilkorat, Lasit vuosttaš fáddágilkora!
|
MARC
| LEADER | 00000nam^a2200000^a^4500 | ||
|---|---|---|---|
| 001 | 000224186 | ||
| 005 | 20250521000000.0 | ||
| 009 | 20260310104041.181 | ||
| 020 | |a 968-29-1591-0 | ||
| 035 | |a 042614 | ||
| 037 | |a Acervo Xavier Clavigero | ||
| 082 | |a 330. 9728 VUS | ||
| 100 | |a Vuskovic Cespedes, Pedro |e (autor) | ||
| 245 | 1 | 0 | |a CENTROAMERICA: |b FISONOMIA DE UNA REGION/ |c PEDRO VUSKOVIC CESPEDES |
| 264 | |a MEXICO : |b PROGRAMA DE ESTUDIOS DE CENTROAMERICA, |c 1986 | ||
| 300 | |a 107p. | ||
| 336 | |a texto |b txt |2 rdacontenido | ||
| 337 | |a sin mediación |b n |2 rdamedio | ||
| 338 | |a volumen |b nc |2 rdasoporte | ||
| 649 | |a XX | ||
| 650 | |a América Central - |x Condiciones Económicas | ||
| 650 | |a Política Económica - |z América Central | ||
| 650 | |a América Central - |x Condiciones Sociales y Culturales | ||
| 910 | |a Fondo General | ||
| 920 | |a Impresos - Libros | ||
| 930 | |a Colección General | ||
| 905 | |a 101 | ||
| 901 | |a 042614 |b IT1 |c ACC |i 042614 |u 20250521 | ||
| 902 | |a https://opac.biblio.iteso.mx/vufind/Record/000224186 | ||